| 000 | 00693nam a2200193 a 4500 | ||
|---|---|---|---|
| 001 | BRCA_3015 | ||
| 005 | 20190320204054.0 | ||
| 008 | 200109s2008----mx-a---###---#000-0#spa-# | ||
| 020 | _a9786077622031 | ||
| 050 | 4 |
_aND259.R5 _b.P94 2008 |
|
| 245 | 1 | 0 |
_aDiego Rivera y la inquisición _bun puente en el tiempo. |
| 260 |
_aMéxico _bCONACULTA : INBA _c2008 |
||
| 300 |
_a203 _bil. (algunas a color) _c24 cm. |
||
| 500 | _aCatálogo de la exposición realizada en el Museo Mural Diego Rivera (Ciudad de México), noviembre 2008 | ||
| 500 | _aIncluye lista de obra | ||
| 504 | _aBibliografía: p. 184-185 | ||
| 600 | 1 | 4 |
_aRivera, Diego _d1886-1957 _vExposiciones _xInquisición _98309 |
| 942 |
_2lcc _cB |
||
| 999 |
_c2753 _d2753 |
||